Northernmost Cities in Maine - Statistics

General Stats
  • This quiz has been taken 3 times
  • The average score is 5 of 10
Answer Stats
Latitude (N) City % Correct
46.86 Caribou
100%
46.68 Presque Isle
100%
44.80 Bangor
67%
44.42 Belfast
33%
44.79 brewer
33%
45.18 Calais
33%
44.90 Eastport
33%
44.54 Ellsworth
33%
44.93 Old Town
33%
44.55 Waterville
33%
No matching quizzes found
Score Distribution
Percent of People with Each Score
Percentile by Number Answered
Your Score History
You have not taken this quiz